| 000 | 00419nam a2200181Ia 4500 | ||
|---|---|---|---|
| 001 | 3388 | ||
| 005 | 20260306145639.0 | ||
| 008 | 260306t2012||||xx |||||||||||||| ||spa|| | ||
| 041 | _aESP | ||
| 082 |
_a271.2 _bR93 |
||
| 100 |
_aRuiz Bueno, Daniel _eAUT |
||
| 245 | 0 | _aActas de los mártires | |
| 260 | _c2012 | ||
| 300 |
_aix, 929 páginas : _c21 cm. |
||
| 650 | _aGEN | ||
| 654 | _aCHU | ||
| 942 |
_cLIB _dJUS _fJUS _2ddc _n |
||
| 999 |
_c3388 _d3388 |
||